| 000 | 00649nam a2200181Ia 4500 | ||
|---|---|---|---|
| 003 | LK-CoDNM | ||
| 008 | 010623t1998 xxu||||| |||| 00| 1 sin d | ||
| 040 |
_aLK-CoDNM _dLK-CoDNM _eLK-CoDNM |
||
| 041 | _asin | ||
| 080 |
_a030.8 _bPER |
||
| 100 | _aPerera,Edward. | ||
| 245 | _aප්රංශ-සිංහල,සිංහල,සිංහල-ප්රංභ සංක්ෂිප්ත ශබ්දකෝෂය | ||
| 246 | _aFrance-Sinhala,Sinhala-France Sankshiptha Shabdakoshaya | ||
| 260 |
_bM.D.Gunasena _aColombo _c1998 |
||
| 300 | _bxxxvi,428p., 19 100: 955-21-0803-9 cm | ||
| 650 | _aFrance-Sinhala Dictionary | ||
| 942 | _cBK | ||
| 999 |
_c118998 _d118998 |
||